World Capitals Containing R - One Minute Sprint - Statistics

General Stats
  • This quiz has been taken 413 times
  • The average score is 19 of 82
Answer Stats
capital % Correct
Rome
75%
Paris
64%
Riga
64%
Berlin
60%
Madrid
56%
Riyadh
50%
Reykjavik
46%
Amsterdam
45%
Bern
44%
Brussels
44%
Rabat
44%
Brasilia
43%
Bucharest
41%
Roseau
37%
Cairo
35%
Prague
35%
Buenos Aires
34%
Algiers
33%
Canberra
33%
Andorra la Vella
31%
Warsaw
31%
Tripoli
30%
Belgrade
25%
Bratislava
25%
Port-au-Prince
25%
Ankara
24%
Pristina
24%
San Marino
24%
Port-of-Spain
23%
Pretoria
23%
Sarajevo
23%
Zagreb
23%
Accra
22%
Beirut
22%
Caracas
22%
Jakarta
22%
Praia
22%
Georgetown
21%
Jerusalem
21%
Podgorica
21%
Tehran
21%
Bandar Seri Begawan
20%
Luxembourg
20%
Port Moresby
20%
Porto-Novo
20%
Port Louis
19%
Tirana
19%
Castries
18%
Paramaribo
18%
Port Vila
17%
Basseterre
16%
Asmara
15%
Yerevan
15%
Khartoum
14%
Singapore
14%
Dakar
13%
St George's
13%
Antananarivo
12%
Bridgetown
12%
Majuro
12%
Moroni
12%
San Salvador
12%
Sucre
12%
Brazzaville
11%
Maseru
11%
Nairobi
11%
Ngerulmud
11%
Palikir
11%
Freetown
8%
Libreville
8%
Yaren
8%
Bujumbura
7%
Conakry
7%
South Tarawa
7%
Harare
6%
Kuala Lumpur
6%
Monrovia
6%
Victoria
6%
Ulaanbaatar
5%
Yamoussoukro
5%
Gaborone
4%
Honiara
4%
No matching quizzes found
Score Distribution
Percent of People with Each Score
Percentile by Number Answered
Your Score History
You have not taken this quiz